Justice H.R. Khanna : (Record no. 98339)

MARC details
000 -LEADER
fixed length control field 00659nam a22001937a 4500
005 - DATE AND TIME OF LATEST TRANSACTION
control field 20160127140011.0
010 ## - LCCN (DPL NO)
LC control number ENG-114490
020 ## - INTERNATIONAL STANDARD BOOK NUMBER
International Standard Book Number 9789350356098
Terms of availability 575.00
035 ## - SYSTEM CONTROL NUMBER
System control number EN-98022
037 ## - SOURCE OF ACQUISITION
Source of stock number/acquisition DBAD/PUB
082 ## - DEWEY DECIMAL CLASSIFICATION NUMBER
Classification number 920
100 ## - MAIN ENTRY--PERSONAL NAME
Personal name Malik, Lokendra
245 ## - TITLE STATEMENT
Title Justice H.R. Khanna :
Statement of responsibility, etc by Lokendra Malik [and] Manish Arora; foreworded by T.S. Thakur [and] A.K. Sikri
Remainder of title law, life and works /
260 ## - PUBLICATION, DISTRIBUTION, ETC. (IMPRINT)
Place of publication, distribution, etc Gurgaon
Name of publisher, distributor, etc LexisNexis
Date of publication, distribution, etc 2015
270 ## - ADDRESS
Address 14th Floor, Building No.10, Tower-B, DLF Cyber City, Phase-II
City Gurgaon
Postal code 122002
300 ## - PHYSICAL DESCRIPTION
Extent xxvi,381p.
Dimensions 25cm(Hb)
700 ## - ADDED ENTRY--PERSONAL NAME
Personal name Arora, Manish
942 ## - ADDED ENTRY ELEMENTS (KOHA)
Source of classification or shelving scheme Dewey Decimal Classification
Item type English Books
Call number suffix KHA
Classification part 920
Holdings
Withdrawn status Lost status Not for loan Collection code Home library Current library Date acquired Source of acquisition Cost, normal purchase price Full call number Barcode Copy number Cost, replacement price Koha item type
    Not For Loan Non-fiction D.B.Act.Division D.B.Act.Division 30/11/2015 DBAD/PUB 575.00 920 KHA EN-98022 1 575.00 English Books

© Delhi Public Library
Hit Counter
free hit counter